Les 8 quotidiens nationaux de France - Statistiques

Statistiques générales
  • Ce quiz a été pris 1 268 fois
    537 depuis la dernière actualisation
  • Le résultat moyen est 4 sur 8
Statistiques - réponses
Nom du quotidien % Correct
3 Le Monde
89%
2 Le Figaro
82%
1 Le Parisien - Aujourd'hui en France
69%
6 Libération
60%
4 L'Equipe
36%
8 L'Humanité
26%
7 La Croix
20%
5 Les Echos
19%
Aucun quiz correspondant
Distribution des résultats
% des personnes avec chaque résultat
Percentile par nombre de réponses
Votre historique - résultats
Vous n’avez pas pris ce quiz depuis la dernière actualisation